Colorectal news časopis pre odborníkov v zdravotníctve

Bibliographic Details
Format: Journal
Language:Slovak
Czech
PhysicalDescription:4 zv. 27 cm
Published: Bratislava We Make Media Slovakia 2015-2019
ISSN:1339-9314
Subjects:

MARC

LEADER 00000cas a2200000 a 4500
001 vtls010689470
003 SK-MaSNL
005 20260228163502.0
008 150630d20152019xo fr p 0 b0slo
022 |a 1339-9314 
040 |a SNK  |b slo  |c SNK  |e AACR2 
041 0 |a slo  |a cze 
044 |a xo  |c SK 
072 7 |a 616  |x Patológia. Klinická medicína  |2 konspekt 
080 |a 616.32/.37  |2 2011 
080 |a 616-006  |2 2011 
080 |a 050  |2 2011 
080 |a (051)-027.561  |2 2011 
210 0 |a Colorectal news  |b (Bratisl.) 
222 0 |a Colorectal news  |b (Bratislava) 
245 0 0 |a Colorectal news  |b časopis pre odborníkov v zdravotníctve 
260 |a Bratislava  |b We Make Media Slovakia  |c 2015-2019 
300 |a 4 zv.  |b 27 cm 
310 |a 2x ročne 
362 0 |a Roč. 1, č. 1 (apríl 2015)-roč. 4, č. 1 (sept. 2019) 
500 |a Reg. číslo: MK SR EV 5172/15 
500 |a Zodp. red.: 1/2015-2/2017, Veronika Lazarová 
500 |a V roku 2019 na obálke aj v tiráži uvedený ročník 3 
504 |a Bibliogr. 
650 0 7 |a choroby tráviaceho ústrojenstva  |2 SNKPH  |9 67999 
650 0 7 |a rakovina konečníka  |2 SNKPH  |9 74420 
650 0 7 |a rakovina hrubého čreva  |2 SNKPH  |9 74419 
650 0 7 |a nádory  |2 SNKPH  |9 15229 
655 7 |a odborné časopisy  |2 SNKPH  |9 70505 
700 1 |a Lazarová, Veronika  |4 lso  |9 265008 
910 |a snk 
999 |c 9538  |d 11468 
952 |0 0  |1 0  |4 0  |7 0  |8 0  |a SNK  |b SNK  |d 2024-06-13  |i snk2024/9444  |l 0  |o snkČSB 6914/4/2019 D1  |p 17A1523148  |r 2026-02-21 20:00:36  |t č. 1  |w 2026-02-21  |y PREZ 
952 |0 0  |1 0  |4 0  |7 0  |8 0  |a SNK  |b SNK  |d 2022-10-28  |i snk2022/16454  |l 0  |o snkČSB 6914/4/2019  |p 17A1464591  |r 2026-02-21 20:12:51  |t č. 1  |w 2026-02-21  |y PREZ 
952 |0 0  |1 0  |4 0  |7 1  |8 0  |a SNK  |b SNK  |d 2018-12-20  |i snk2018/27680  |l 0  |o snkČSB 6914/1/2015  |p 17A1341771  |r 2026-02-21 22:13:29  |t č. 1-2  |w 2026-02-21  |y NEVYP 
952 |0 0  |1 0  |4 0  |7 0  |8 0  |a SNK  |b SNK  |d 2018-12-20  |i snk2018/27687  |l 0  |o snkČSB 6914/2/2016  |p 17A1341772  |r 2026-02-21 22:14:10  |t č. 1  |w 2026-02-21  |y PREZ 
952 |0 0  |1 0  |4 0  |7 0  |8 0  |a SNK  |b SNK  |d 2018-12-20  |i snk2018/27690  |l 0  |o snkČSB 6914/2/2016 D1  |p 17A1341773  |r 2026-02-21 22:14:10  |t č. 1  |w 2026-02-21  |y PREZ 
952 |0 0  |1 0  |4 0  |7 0  |8 0  |a SNK  |b SNK  |d 2018-12-20  |i snk2018/27693  |l 0  |o snkČSB 6914/3/2017  |p 17A1341774  |r 2026-02-21 22:14:10  |t č. 1  |w 2026-02-21  |y PREZ 
952 |0 0  |1 0  |4 0  |7 0  |8 0  |a SNK  |b SNK  |d 2018-12-20  |i snk2018/27695  |l 0  |o snkČSB 6914/3/2017 D1  |p 17A1341775  |r 2026-02-21 22:14:10  |t č. 1  |w 2026-02-21  |y PREZ